| 000 | 00649nam a2200217 u 4500 | ||
|---|---|---|---|
| 001 | 000020249 | ||
| 003 | DO-SdBNP | ||
| 005 | 20180312150447.0 | ||
| 008 | 100802s2007 dr r 000 0 spa d | ||
| 040 |
_aBPJMB _bspa _cBPJMB |
||
| 092 |
_a372.5 _bR457 |
||
| 100 | 1 | _aReyes, Juana | |
| 245 | 1 | 0 |
_aEducación artística 6 / _cJuana Reyes. |
| 250 | _a3a ed. | ||
| 260 |
_aSanto Domingo : _bSecretaría de Estado de Educación, _c2007. |
||
| 300 |
_a165 p. : _bil. ; _c27 cm. |
||
| 650 | 4 |
_aARTE _xENSEÑANZA _zREPÚBLICA DOMINICANA |
|
| 942 |
_2ddc _cBK |
||
| 956 |
_aKLANTIGUA _b10 _c20100802 _lBND02 _h1456 |
||
| 956 |
_aDGARCIA _b10 _c20100804 _lBND01 _h1055 |
||
| 999 |
_c7915 _d7915 |
||